000 00371nam a22001457a 4500
003 NUST
038 _anust
082 _a200 THE
100 _aMaria Aslam
_973291
245 _aTH-SOF-1843-Revival of p53 protein using Feedback Linearization
563 _ahb
650 _aMS-ELECT-2017
_983949
700 _aSupervisor Dr. Muwahida Liaquat
_983950
942 _cREF
_2ddc
999 _c579086
_d579086